000 00695nam a2200217Ia 4500
003 GCL
008 140319s9999 xx 000 0 ara d
040 _aGCL /
_cGCL
082 0 4 _aق
_b932
_bب ك
100 1 _aبدج، السير والس
245 1 0 _aكتاب الموتى الفرعونى (عن بردية انى بالمتحف البريطانى) /
_cبدج، السير والس
700 1 _aفليب عطية (مترجم)
260 _a[S.N] :
_bمكتبة مدبولى ،
_c1988
300 _a270 ص
490 _a
650 0 4 _aمصر
650 0 4 _aتاريخ
650 0 4 _aكتاب الموتى
650 0 4 _aالحضارة المصرية القديمة
942 _2ddc
_cBK
999 _c52928
_d52928